00737nam a22001817a 4500003000900000008004100009040007100050082001500121100002200136245002700158260003200185300003000217505020100247650002300448650002100471650003800492700002500530AR-CdUCM190319b ||||| |||| 00| 0 spa d aMUNICIPALIDAD PROVINCIAL DEL CUSCOcBIBLIOTECA MUNICIPAL DEL CUSCO a624 /bL21 aLambe, T. William aMecánica de Suelos / aMéxico :bLimusa ,c1976. a582 páginas ;c28.2 cm. aContenido : Parte 1.- Introduccion Parte 2.- La Naturaleza del Suelo 3.- El suelo seco 4.- Suelo con Agua - Regimen Estatico o flujo establecido 5.- Suelos con flujo de agua en regimen variable... aMecanica de Suelos aIngenieria Civil aMorfologia y Tecnologia de suelos aWhitman V. , Roberth